01474 a2200181 45000010006000000050017000060080041000230030015000640400040000790800077001192450050001960200018002462640051002643000019003155050844003341000015011788560099011934711520260407155739.0260407a1993 arg spa dAR-UNSa-BCEJYS aAR-UNSa-BCEJYSbspacAR-UNSa-BCEJYS a330.342.22xEconomía en desarrollo. Economía en industrialización 10aLa edad de plomo del desarrollo latinoamerica a968-16-4223-6 1aMéxico :bFondo de Cultura Económicac1993 a323 p.c22 cm. aIntroducción. Lecciones de la crisis : Una visión de conjunto / Jaime Ros - 1. Ortodoxia y heterodoxia :¿Alternativa de las estrategias de estabilización? / Juan Carlos Moreno - 2. Inflación inercial y conflicto distributivo / Jaime Ros - 3. Aspectos macroeconómicos de la estabilización heterodoxa / Jaime Ros - 4. Políticas de estabilización, nivel de actividad, salarios reales y empleo (1982-1988) / Nora Lustig - 5. Transferencias externas, ajuste interno y potencial de crecimiento / Julio López G. - 6. La restricción externa y el crecimiento a largo plazo / José I. Casar - 7. Ajuste, patrón de desarrollo y distribución del ingreso / Carlos Márquez - 8. Crecimiento y reforma estructural en la América Latina. La situación actual / José María Fanelli, Roberto Frenkel y Guillermo Rozenwurcel. 1 aRos, Jaime41uhttps://www.biblioeco.unsa.edu.ar/pmb/images/libros/L127393.jpgyImagen de portadaqimage/jpeg